Partial Differentiation (Record no. 543790)

000 -LEADER
fixed length control field 00377nam a22001457a 4500
082 ## - DEWEY DECIMAL CLASSIFICATION NUMBER
Classification number 515.33
Author Mark GIL
-- L-1, 47p, :
245 ## - TITLE STATEMENT
Title Partial Differentiation
250 ## - EDITION STATEMENT
Edition statement 2nd
260 ## - PUBLICATION, DISTRIBUTION, ETC.
Place of publication, distribution, etc. New York
Name of publisher, distributor, etc. Oliver and Boyd
Date of publication, distribution, etc. 1954
300 ## - PHYSICAL DESCRIPTION
Extent viii, 105, p :
Dimensions 19cm
526 ## - STUDY PROGRAM INFORMATION NOTE
Program name 0
Interest level 0
Reading level 0
Title point value 515_330000000000000_GIL
650 ## - SUBJECT ADDED ENTRY--TOPICAL TERM
Topical term or geographic name entry element Mathematical
9 (RLIN) 39283
650 ## - SUBJECT ADDED ENTRY--TOPICAL TERM
Topical term or geographic name entry element MCE
9 (RLIN) 379
942 ## - ADDED ENTRY ELEMENTS (KOHA)
Source of classification or shelving scheme
Koha item type Book
Holdings
Withdrawn status Lost status Source of classification or shelving scheme Damaged status Not for loan Permanent Location Current Location Date acquired Total Checkouts Full call number Barcode Date last seen Price effective from Koha item type
          Military College of Engineering (MCE) Military College of Engineering (MCE) 04/02/2014   515.33 GIL MCE-1646 04/02/2014 04/02/2014 Book
© 2023 Central Library, National University of Sciences and Technology. All Rights Reserved.